OPAC Home

දිය කිඳුරිය සහ තවත් කතා (Record no. 42823)

MARC details
000 -LEADER
fixed length control field 00520nam a2200181Ia 4500
008 - FIXED-LENGTH DATA ELEMENTS--GENERAL INFORMATION
fixed length control field 120926t1984 xxu||||| |||| 00| 0 sin d
041 ## - LANGUAGE CODE
Language code of text/sound track or separate title Sinhala; Sinhalese
080 ## - UNIVERSAL DECIMAL CLASSIFICATION NUMBER
Universal Decimal Classification number 8 S (3 - 053. 2) (13) (Yo
Item number th)
942 ## - ADDED ENTRY ELEMENTS (KOHA)
Koha item type Books
003 - CONTROL NUMBER IDENTIFIER
control field LK-CoDNM
040 ## - CATALOGING SOURCE
Original cataloging agency LK-CoDNM
Modifying agency LK-CoDNM
Description conventions LK-CoDNM
100 ## - MAIN ENTRY--PERSONAL NAME
Personal name Anderson,Hans Christian
700 ## - ADDED ENTRY--PERSONAL NAME
Personal name Mahendra,Sunanda
Relator term translater
245 ## - TITLE STATEMENT
Title දිය කිඳුරිය සහ තවත් කතා
246 ## - VARYING FORM OF TITLE
Title proper/short title Diya Kiduriya Saha Thawath Katha
260 ## - PUBLICATION, DISTRIBUTION, ETC. (IMPRINT)
Place of publication, distribution, etc.
Date of publication, distribution, etc. 1984
300 ## - PHYSICAL DESCRIPTION
Other physical details 27p, ill, 21 cm
Holdings
Withdrawn status Lost status Damaged status Not for loan Collection code Permanent Location Current Location Date acquired Full call number Barcode Koha item type
        Translation Library National Museum Colombo - Sri Lanka Library National Museum Colombo - Sri Lanka 2012-09-26 8 S (3 - 053. 2) (13) (Youth) P131002 Books
Copyright © 2023 Department of National Museum, Colombo 07, Sri Lanka Funded by UNESCO IFAP UNESCO